| 000 | 00405nam a2200145Ia 4500 | ||
|---|---|---|---|
| 008 | 220214s9999 xx 000 0 und d | ||
| 022 | _a0011-183X | ||
| 245 | 0 | _aCROP SCIENCE | |
| 260 |
_bCrop Science of Society of America, Madison _aUSA |
||
| 310 | _aBM | ||
| 500 | _aEnding Volume & Year: 31, 1991 | ||
| 500 | _aMissing Volume: 29(2-6);31(2-6) | ||
| 500 | _aStarting Volume & Year: 1, 1961 | ||
| 942 | _cBJ | ||
| 999 |
_c582 _d582 |
||